| 000 | 00366nam a22001217a 4500 | ||
|---|---|---|---|
| 082 | _a629.13 PER'A | ||
| 100 |
_aPERKINS, COURTLAND D,HAGE, ROBERT E _978924 |
||
| 245 | _aAIRPLANE PERFORMANCE STABILITY AND CONTROL | ||
| 260 |
_aNEWYORK _bJOHN WILEY _c1949 |
||
| 300 | _a403P | ||
| 650 |
_aAIRPLANE PERFORMANCE AIRPLANE-STABILITY AIRPLANE-CONTROL _978925 |
||
| 942 | _cBK | ||
| 999 |
_c583992 _d583992 |
||